| 000 | 00631nam a2200169 u 4500 | ||
|---|---|---|---|
| 001 | 000271765 | ||
| 003 | AM-YeHGA | ||
| 005 | 20250618071806.0 | ||
| 008 | 031014s1960 ai r 000 0 arm d | ||
| 040 | _aAM-YeHGA | ||
| 041 | 0 | _aarm | |
| 245 | 0 | 0 | _aԿոմունիստական և բանվորական պարտիաների ներկայացուցիչների խորհրդակցության հայտարարությունը /. |
| 260 |
_aԵրևան : _bՀայպետհրատ, _c1960. |
||
| 300 |
_a70 էջ ; _c20 սմ. |
||
| 650 | 1 | 4 |
_aԿոմունիստական կուսակցության պատմություն _95071 |
| 090 | _c99760 | ||
| 999 |
_c98449 _d98449 |
||